| 000 | 00407 a2200145 4500 | ||
|---|---|---|---|
| 005 | 20250509150203.0 | ||
| 020 | _a0-07-039149-1 | ||
| 082 | _a658. 4 LUT | ||
| 100 | _aLUTHANS, F. | ||
| 245 | _aOrganizational Behavior | ||
| 250 | _a4th Ed. | ||
| 260 |
_aNew York, _bMcGraw-Hill Book Company, _c1985. |
||
| 300 |
_axxi, 687p.: ill.; figure, table _bBibliographical references, index. _c25cm. |
||
| 942 |
_2ddc _cBKS |
||
| 999 |
_c2240 _d2240 |
||